Islamic spirituality theology and practice for the modern world
Guardat en:
| Autor principal: | |
|---|---|
| Format: | Llibre |
| Idioma: | anglès |
| Publicat: |
Bloomsbury Academic
2018
|
| Etiquetes: |
Afegir etiqueta
Sense etiquetes, Sigues el primer a etiquetar aquest registre!
|
MARC
| LEADER | 00000nam a22000007a 4500 | ||
|---|---|---|---|
| 008 | 210816b ||||| |||| 00| 0 eng d | ||
| 020 | |a 9781472572059 | ||
| 100 | |a SARITOPRAK, Zeki | ||
| 245 | |a Islamic spirituality |b theology and practice for the modern world |c Zeki Saritoprak |g x, 231p | ||
| 260 | |b Bloomsbury Academic |c 2018 |h London |i 696062 |i 696023 |i 696064 |l BP161.3.Sa7 |m Islam |m Sufism | ||
| 500 | |a it includes references and index | ||
| 942 | |a lcc |c BK |e Johnson |f 16/08/21 | ||
| 952 | |0 0 |1 0 |2 lcc |4 0 |7 0 |9 3042 |a ART |b HOL |c AF |d 2021-08-16 |o BP161.3.Sa7 |p 2021-66743 |r 2021-08-16 00:00:00 |w 2021-08-16 |y BK | ||
| 952 | |0 0 |1 0 |2 lcc |4 0 |7 0 |9 3043 |a HOL |b HOL |c AF |d 2021-08-16 |o BP161.3.Sa7 |p 2021-66744 |r 2021-08-16 00:00:00 |w 2021-08-16 |y BK | ||
| 952 | |0 0 |1 0 |2 lcc |4 0 |7 0 |9 3044 |a HOL |b HOL |c AF |d 2021-08-16 |o BP161.3.Sa7 |p 2021-66745 |r 2021-08-16 00:00:00 |w 2021-08-16 |y BK | ||
| 999 | |c 1543 |d 1543 | ||